000 00609nam a22002297a 4500
003 UA-OsUOA
001 67982
007 ta
008 20100324b un ||||| |||| 00| 0 ukr d
100 _aПолевой Н. С.
090 _a343.98
_bП49
942 _cBK
040 _aUA-OsUOA
_brus
_cUA-OsUOA
_dUA-OsUOA
245 _aКриминалистическая кибернетика
300 _a208 с.
955 _a2
041 _arus
080 _a343.98
260 _aМ.
_bМГУ
_c1982
650 7 _a343 Кримінальне право. Карні порушення
_2UDC
999 _c354104
_d354104